From grammar to paragraphs
The book has a three-part division with twelve chapters, ten of which are devoted to grammar ant the last two to paragraph writing. An appendix follows, containing useful information (such as rules for spelling and punctuation)
Na minha lista:
| Autor principal: | |
|---|---|
| Formato: | Livro |
| Idioma: | Undetermined |
| Publicado em: |
New York
Random House
1982
|
| Assuntos: | |
| Tags: |
Adicionar Tag
Sem tags, seja o primeiro a adicionar uma tag!
|
| Thư viện lưu trữ: | Trung tâm Học liệu Trường Đại học Cần Thơ |
|---|
| LEADER | 00756nam a2200193Ia 4500 | ||
|---|---|---|---|
| 001 | CTU_34067 | ||
| 008 | 210402s9999 xx 000 0 und d | ||
| 082 | |a 428.2 | ||
| 082 | |b C595 | ||
| 100 | |a Sarah Clark | ||
| 245 | 0 | |a From grammar to paragraphs | |
| 245 | 0 | |c Sarah Clark | |
| 260 | |a New York | ||
| 260 | |b Random House | ||
| 260 | |c 1982 | ||
| 520 | |a The book has a three-part division with twelve chapters, ten of which are devoted to grammar ant the last two to paragraph writing. An appendix follows, containing useful information (such as rules for spelling and punctuation) | ||
| 650 | |a english language - grammar - 1950-,englissh language - paragraphs | ||
| 904 | |i Minh, 991123 | ||
| 980 | |a Trung tâm Học liệu Trường Đại học Cần Thơ | ||